000 00701cam a2200181ua 4500
020 _c.60
041 _aeng
_h
082 _a361
_bPUB/WE
110 1 _aPublication division .
_b
_c()
245 _aWelfare of the backward classes /
_cPublication divisions.
_hTextual Documents
250 _a /
_b.
260 _aIndia :
_bMinistry of I&B, Govt. of India ,
_c1963.
300 _a46 ; .
365 _a.60
504 _a
942 _cBK
999 _c12642
_d12642